| 000 | 00664nam a2200229 a 4500 | ||
|---|---|---|---|
| 001 | BRL_782 | ||
| 005 | 20190320210908.0 | ||
| 008 | 071013s1990----mx-a######---#000-0#spa-# | ||
| 041 | _aspa | ||
| 044 | _asp | ||
| 050 | 4 |
_aNK7314 _b.H45 1990 |
|
| 100 | 1 |
_aHelbling, Guillermo _924927 |
|
| 245 | 1 | 0 |
_aMateriales y técnicas de la joyeria mexicana _cGuillermo Helbling ; Ilustraciones Ma. Antonieta Castilla |
| 260 |
_aMéxico, D.F. _b[s.e.] _c1990 |
||
| 300 |
_a75 p. _bil. _c21 cm. |
||
| 500 | _aAu893 | ||
| 504 | _aBibliografía: p. 75 | ||
| 650 | 1 | 4 |
_aJoyas mexicanas _924928 |
| 700 | 1 |
_aAntonieta Castilla, Ma. _eil. _924929 |
|
| 902 | _aGRL | ||
| 942 |
_2lcc _cB |
||
| 999 |
_c9594 _d9594 |
||